000 00729nam a22002417a 4500
005 20170124110104.0
010 _aA-607422
020 _c100.00
035 _aA-607422
037 _bCen Lib/Ret
040 _aDPL
_bEN
082 _aS
_bALE
100 _aAllen, Charles
_9101126
245 _aPlain tales from the raj :
_cby Chales Allen; edited by Michael Mason
_bimages of british India in the twentieth century /
260 _aCalcutta
_bRupa & co
_c1992
270 _bCalcutta
_a15 Bankim Chaterjee Street
_e700073
300 _a267p.
_c18cm(Hb)
500 _aIncludes glossary
650 _aLiterature
_96262
650 _aShort stories
_944
700 _aAllen, Charles
_9101127
942 _2ddc
_cEN
_hS
_mALL
999 _c129921
_d129921